MARC
| LEADER | 00000nam a2200000Ia 4500 | ||
|---|---|---|---|
| 008 | 170316s9999 xx 000 0 und d | ||
| 040 | |a cru BVZT | ||
| 090 | |a 862 G-13a | ||
| 100 | |a García Lorca, Federico | ||
| 245 | |a Así que pasen cinco años. Diván del Tamarít. Odas. Poemas postumos | ||
| 250 | |a 3 | ||
| 260 | |a Buenos Aires, Argentina | ||
| 260 | |b Losada | ||
| 260 | |c 1943 | ||
| 300 | |a 214 páginas | ||
| 650 | |a LITERATURA ESPAÑOLA | ||
| 650 | |a POEMAS | ||
| 650 | |a SALVADORA DALÍ | ||
| 650 | |a ODA AL SANTÍSIMO SACRAMENTO DEL ALTAR | ||
| 999 | |c 9869 |d 9869 | ||
| 942 | |c 15 D |h 862 G-13a |2 z | ||
